00329nam a2200145Ia 4500100002600000650001900026250000700045366000700052654001900059245001900078260004400097082002100141300000900162546001200171 aPandya/N.C/ Shah/C.S  aMachine Design a16 f15 amachine design aMachine Design bCharotar Publishing HouseaMumbaic2006 a621.815/PANbPAN a2064 aENGLISH